Story of my Life: En Carittiram tr. from Tamil by kamil (Record no. 61999)
[ view plain ]
| 000 -LEADER | |
|---|---|
| fixed length control field | 00485nam a2200181 a 4500 |
| 001 - CONTROL NUMBER | |
| control field | adlib96000001 |
| 003 - CONTROL NUMBER IDENTIFIER | |
| control field | ViArRB |
| 005 - DATE AND TIME OF LATEST TRANSACTION | |
| control field | 20250403153642.0 |
| 008 - FIXED-LENGTH DATA ELEMENTS--GENERAL INFORMATION | |
| fixed length control field | 960221s1955 dcuabcdjdbkoqu001 0deng d |
| 040 ## - CATALOGING SOURCE | |
| Original cataloging agency | Adlib |
| Transcribing agency | University Library |
| 082 ## - DEWEY DECIMAL CLASSIFICATION NUMBER | |
| Classification number | 92(SWAMI): 8 |
| 100 ## - MAIN ENTRY--PERSONAL NAME | |
| Personal name | Swaminatha Iyer, U.V. |
| 245 ## - TITLE STATEMENT | |
| Title | Story of my Life: En Carittiram tr. from Tamil by kamil |
| 260 ## - PUBLICATION, DISTRIBUTION, ETC. (IMPRINT) | |
| Place of publication, distribution, etc | Madras |
| Name of publisher, distributor, etc | Institute of Asian Studies |
| Date of publication, distribution, etc | 1990 |
| 300 ## - PHYSICAL DESCRIPTION | |
| Extent | 274 p |
| 500 ## - GENERAL NOTE | |
| General note | |
| 942 ## - ADDED ENTRY ELEMENTS (KOHA) | |
| Koha item type | Books |
| Source of classification or shelving scheme | Universal Decimal Classification |
| Withdrawn status | Lost status | Source of classification or shelving scheme | Damaged status | Not for loan | Home library | Current library | Date acquired | Total Checkouts | Full call number | Barcode | Date last seen | Price effective from | Koha item type |
|---|---|---|---|---|---|---|---|---|---|---|---|---|---|
| Universal Decimal Classification | University Library | University Library | 19/06/2010 | 92(SWAMI) SHA.1 | G0004946 | 19/06/2010 | 19/06/2010 | Books |
